Biggest Cities That Aren't World Capitals - Statistics

General Stats
  • This quiz has been taken 130,987 times
    13,940 since last reset
  • The average score is 9 of 12
Answer Stats
Population Urban Area % Correct
22.6 m New York City
90%
42.3 m Shanghai
89%
28.1 m Mumbai
85%
17.4 m Los Angeles
83%
73.6 m Guangzhou / Shenzhen
82%
22.7 m São Paulo
78%
17.7 m Osaka
71%
21.9 m Lagos
65%
16.2 m Istanbul
64%
18.1 m Kolkata
63%
21.8 m Karachi
61%
18.3 m Chengdu
44%
No matching quizzes found
Score Distribution
Percent of People with Each Score
Percentile by Number Answered
Your Score History
You have not taken this quiz since the last reset